000 00638cam a2200229 4500500
005 20260405003844.0
041 _afre
042 _adc
100 1 0 _aJadin, Alexandre
_eauthor
245 0 0 _aDélivrez-les du mâle
260 _c2024.
500 _a15
690 _aAmélioration
690 _aMasculin
690 _aParole
690 _aPerfectibilité
690 _aProgrès
690 _aViolence
690 _aVirilité
786 0 _nPhilosophie magazine | 181 | 6 | 2024-07-01 | p. 55-56 | 1951-1787
856 4 1 _uhttps://shs.cairn.info/magazine-philosophie-magazine-2024-6-page-55?lang=fr&redirect-ssocas=7080
999 _c2071491
_d2071491